Hodiny obdobia klasicizmu v zbierke Historického múzea SNM

Podrobná bibliografia
Hlavný autor: Janovčíková, Marta (Autor)
Médium: Článok
Jazyk:slovenčina
Fyzický popis:Obr. 7. Res. angl., franc., anem., rus., lit. 5 zázn. v češ., nem.
Predmet:

MARC

LEADER 00000nab a2200000 a 4500
001 vtls000466114
003 SK-MaSNL
005 20260303235757.0
008 230131c1992 xo 0 slo
015 |a SNBRB19rr/mm-uuuuu 
035 |a CL0466247 
035 |a urn:nbn:sk:snk-ab2o50 
035 |a (urnnbn)urn:nbn:sk:snk:ar-a02ovy 
035 |a (uuid)2ea1880e-08c9-4ab3-bd53-5c631109abfb 
040 |a SNKBUCL  |b slo  |c SNKBUCL  |e AACR2 
041 0 |a slo 
044 |a xo  |c SK 
080 |a 745.035.2:681.11:069.51  |2 1981 
080 |a 681.11  |2 1981 
080 |a 069.51  |2 1981 
080 |a 745.035.2  |2 1981 
080 |a 069.6.02  |2 1981 
100 1 |a Janovčíková, Marta  |4 aut  |9 962939 
245 1 0 |a Hodiny obdobia klasicizmu v zbierke Historického múzea SNM  |c Marta Janovčíková 
300 |b Obr. 7. Res. angl., franc., anem., rus., lit. 5 zázn. v češ., nem. 
610 2 7 |a Historické múzeum (Bratislava, Slovensko)  |2 SNKKA  |9 32461 
650 0 7 |a hodiny  |2 SNKPH  |9 29684 
650 0 7 |a múzejné zbierky  |2 SNKPH  |9 69988 
655 7 |a články z novín a časopisov  |2 SNK  |9 267496 
773 0 |t Múzeum  |g Roč. 37, č. 2 (1992), s. 1-4 
850 |a Slovenská národná knižnica v Martine  |a MTA001 
852 |a SNK  |b KIS3GCP 
954 |a odborná, vedecká literatúra pôvodná (slovenská)  |2 lita 
958 |a NB 
958 |a OND 
958 |a EUIPO 
958 |a article27 
992 |a RBX 
999 |c 2527767  |d 2529697